000 00305nam a2200133Ia 4500
005 20251222143249.0
008 251222s9999||||xx |||||||||||||| ||spa||
020 _a84-88663-02-1
082 _a276.9/C33
100 _aCastellvĂ­, Santiago
245 0 _aJuan Pablo II:
264 _bGuaflex
942 _cLIB
999 _c14873
_d14873